000
00260nam a22001217a 4500
008
181206b xxu||||| |||| 00| 0 eng d
041
_a
eng
080
_a
710
100
_a
45
101
_a
ART
245
_a
Painting New England
_c
Carl.l
942
_2
udc
_c
BK
999
_c
52918
_d
52918